Electronic information sources on Slovak enterprises

Voľne dostupné elektronické zdroje informácií o podnikoch, ktoré pôsobia v SR, a ktoré obsahujú základné informácie o konkrétnom podniku, povinne zverejnených účtovných závierok, ich ročných správach, alebo analyzovaných údajoch z hľadiska finančného zdravia podnikov.

Gespeichert in:
Bibliographische Detailangaben
1. Verfasser: Pakšiová, Renáta, 1974-
Weitere Verfasser: Kubaščíková, Zuzana, 1982-, Kršeková, Marianna
Format: Buchkapitel
Sprache:Englisch
Schlagworte:
Tags: Tag hinzufügen
Keine Tags, Fügen Sie das erste Tag hinzu!

MARC

LEADER 00000nla a2200000 4500
001 0221013
005 20240502073630.5
041 0 |a eng 
044 |a SK 
245 1 0 |a Electronic information sources on Slovak enterprises  |c Renáta Pakšiová, Zuzana Kubaščíková, Marianna Kršeková 
520 |a Voľne dostupné elektronické zdroje informácií o podnikoch, ktoré pôsobia v SR, a ktoré obsahujú základné informácie o konkrétnom podniku, povinne zverejnených účtovných závierok, ich ročných správach, alebo analyzovaných údajoch z hľadiska finančného zdravia podnikov. 
610 2 0 |a hospodárstvo podniku finančné 
610 2 0 |a financie podnikové 
610 2 0 |a cash flow 
610 2 0 |a analýza finančná 
610 2 0 |a výsledok hospodársky 
610 2 0 |a závierka účtovná 
100 1 |a Pakšiová, Renáta, 1974- 
700 1 |a Kubaščíková, Zuzana, 1982- 
700 1 |a Kršeková, Marianna